<?xml version="1.0" encoding="UTF-8"?>
<collection xmlns="http://www.loc.gov/MARC21/slim">
 <record>
  <leader>04569nas a22005897a 4500</leader>
  <controlfield tag="001">000177937</controlfield>
  <controlfield tag="003">CZ-PrVSE</controlfield>
  <controlfield tag="005">20200513120852.0</controlfield>
  <controlfield tag="007">ta</controlfield>
  <controlfield tag="008">101025d19261949xr mr|p|r     0    |cze d</controlfield>
  <datafield tag="015" ind1=" " ind2=" ">
   <subfield code="a">cnb002590388</subfield>
  </datafield>
  <datafield tag="040" ind1=" " ind2=" ">
   <subfield code="a">ABA006</subfield>
   <subfield code="b">cze</subfield>
   <subfield code="c">ABA006</subfield>
   <subfield code="d">ABA006</subfield>
  </datafield>
  <datafield tag="072" ind1=" " ind2="7">
   <subfield code="a">338.3/.4</subfield>
   <subfield code="x">Hospodářská a výrobní odvětví</subfield>
   <subfield code="2">Konspekt</subfield>
   <subfield code="9">4</subfield>
  </datafield>
  <datafield tag="072" ind1=" " ind2="9">
   <subfield code="a">338</subfield>
   <subfield code="x">Production</subfield>
   <subfield code="2">Conspectus</subfield>
   <subfield code="9">4</subfield>
  </datafield>
  <datafield tag="080" ind1=" " ind2=" ">
   <subfield code="a">33</subfield>
   <subfield code="2">MRF</subfield>
  </datafield>
  <datafield tag="080" ind1=" " ind2=" ">
   <subfield code="a">338</subfield>
   <subfield code="2">MRF</subfield>
  </datafield>
  <datafield tag="080" ind1=" " ind2=" ">
   <subfield code="a">(437)</subfield>
   <subfield code="2">MRF</subfield>
  </datafield>
  <datafield tag="245" ind1="0" ind2="0">
   <subfield code="a">Zprávy Národní banky československé</subfield>
  </datafield>
  <datafield tag="246" ind1="1" ind2=" ">
   <subfield code="i">Název v roce 1939-1945:</subfield>
   <subfield code="a">Zprávy Národní banky pro Čechy a Moravu</subfield>
  </datafield>
  <datafield tag="246" ind1="1" ind2=" ">
   <subfield code="i">Název od r. 1941</subfield>
   <subfield code="a">Nationalbank für Böhmen und Mähren in Prag-Monatsbericht</subfield>
  </datafield>
  <datafield tag="260" ind1=" " ind2=" ">
   <subfield code="a">V Praze :</subfield>
   <subfield code="b">Národní banka československá,</subfield>
   <subfield code="c">1926-1949</subfield>
  </datafield>
  <datafield tag="310" ind1=" " ind2=" ">
   <subfield code="a">1x měsíčně</subfield>
  </datafield>
  <datafield tag="500" ind1=" " ind2=" ">
   <subfield code="a">Některé svazky obsahují přílohy: Devisová opatření v Československu ; Mezinárodní hospodářský přehled ; Obsah zpráv Národní banky československé</subfield>
  </datafield>
  <datafield tag="610" ind1="2" ind2="7">
   <subfield code="a">Národní banka Československá (1926-1939)</subfield>
   <subfield code="7">ko2006315815</subfield>
   <subfield code="2">czenas</subfield>
  </datafield>
  <datafield tag="648" ind1=" " ind2="4">
   <subfield code="a">1926-1939</subfield>
  </datafield>
  <datafield tag="650" ind1="0" ind2="7">
   <subfield code="a">ekonomie</subfield>
   <subfield code="7">ph114430</subfield>
   <subfield code="2">czenas</subfield>
  </datafield>
  <datafield tag="650" ind1="0" ind2="7">
   <subfield code="a">hospodářské poměry</subfield>
   <subfield code="7">ph137610</subfield>
   <subfield code="2">czenas</subfield>
  </datafield>
  <datafield tag="651" ind1=" " ind2="7">
   <subfield code="a">Československo</subfield>
   <subfield code="7">ge131689</subfield>
   <subfield code="2">czenas</subfield>
  </datafield>
  <datafield tag="655" ind1=" " ind2="7">
   <subfield code="a">zprávy</subfield>
   <subfield code="7">fd133875</subfield>
   <subfield code="2">czenas</subfield>
  </datafield>
  <datafield tag="650" ind1="0" ind2="9">
   <subfield code="a">economics</subfield>
   <subfield code="2">eczenas</subfield>
  </datafield>
  <datafield tag="650" ind1="0" ind2="9">
   <subfield code="a">economic conditions</subfield>
   <subfield code="2">eczenas</subfield>
  </datafield>
  <datafield tag="651" ind1=" " ind2="9">
   <subfield code="a">Czechoslovakia</subfield>
   <subfield code="2">eczenas</subfield>
  </datafield>
  <datafield tag="655" ind1=" " ind2="9">
   <subfield code="a">reports</subfield>
   <subfield code="2">eczenas</subfield>
  </datafield>
  <datafield tag="710" ind1="2" ind2=" ">
   <subfield code="a">Národní banka Československá (1926-1939)</subfield>
   <subfield code="7">ko2006315815</subfield>
  </datafield>
  <datafield tag="993" ind1=" " ind2=" ">
   <subfield code="a">006209276</subfield>
  </datafield>
  <datafield tag="996" ind1=" " ind2=" ">
   <subfield code="1">PDPZ0</subfield>
   <subfield code="3">E6544</subfield>
   <subfield code="4">N:P; PC=1517/57</subfield>
   <subfield code="5">3142335626</subfield>
   <subfield code="7">č. 135-146 (ročník 1938)</subfield>
   <subfield code="8">20200124</subfield>
   <subfield code="a">1938</subfield>
   <subfield code="b">1938</subfield>
   <subfield code="c">135-146</subfield>
   <subfield code="f">95</subfield>
   <subfield code="h">č. 135-146 (ročník 1938)</subfield>
   <subfield code="l">UEP01</subfield>
   <subfield code="m">BOOK</subfield>
   <subfield code="q">Knihovna Žižkov depoz. 0</subfield>
   <subfield code="t">prezenční - lze objednat</subfield>
   <subfield code="u">UEP01</subfield>
   <subfield code="w">20200124</subfield>
  </datafield>
  <datafield tag="996" ind1=" " ind2=" ">
   <subfield code="1">PDPZ2</subfield>
   <subfield code="3">F47358</subfield>
   <subfield code="4">N:G; PC=16688/59</subfield>
   <subfield code="5">3142336459</subfield>
   <subfield code="7">č. 1-2 (1-2/1926), č. 4-14 (2-12/1927)</subfield>
   <subfield code="8">20200513</subfield>
   <subfield code="a">1926, 1927</subfield>
   <subfield code="b">1926-1927</subfield>
   <subfield code="f">95</subfield>
   <subfield code="h">č. 1-2 (1-2/1926), č. 4-14 (2-12/1927)</subfield>
   <subfield code="l">UEP01</subfield>
   <subfield code="m">BOOK</subfield>
   <subfield code="q">Knihovna Žižkov depoz. 2</subfield>
   <subfield code="t">prezenční - lze objednat</subfield>
   <subfield code="u">UEP01</subfield>
   <subfield code="w">20200513</subfield>
  </datafield>
  <datafield tag="996" ind1=" " ind2=" ">
   <subfield code="1">PKHD</subfield>
   <subfield code="3">B1613</subfield>
   <subfield code="4">N:G</subfield>
   <subfield code="5">3142901455</subfield>
   <subfield code="7">č. 18-24, 26 + rejstřík (4-10, 12/1928)</subfield>
   <subfield code="8">20101130</subfield>
   <subfield code="a">1928</subfield>
   <subfield code="b">1928</subfield>
   <subfield code="c">18-26</subfield>
   <subfield code="f">85</subfield>
   <subfield code="h">č. 18-24, 26 + rejstřík (4-10, 12/1928)</subfield>
   <subfield code="l">UEP01</subfield>
   <subfield code="m">ISSBD</subfield>
   <subfield code="q">KHD</subfield>
   <subfield code="t">prezenční</subfield>
   <subfield code="u">UEP01</subfield>
   <subfield code="w">20101130</subfield>
  </datafield>
  <datafield tag="996" ind1=" " ind2=" ">
   <subfield code="1">PKHD</subfield>
   <subfield code="3">B1613</subfield>
   <subfield code="4">N:G</subfield>
   <subfield code="5">3142901456</subfield>
   <subfield code="7">č. 27-28, 30-38 (1-2, 4-12/1929)</subfield>
   <subfield code="8">20101201</subfield>
   <subfield code="a">1929</subfield>
   <subfield code="b">1929</subfield>
   <subfield code="c">27-38</subfield>
   <subfield code="f">85</subfield>
   <subfield code="h">č. 27-28, 30-38 (1-2, 4-12/1929)</subfield>
   <subfield code="l">UEP01</subfield>
   <subfield code="m">ISSBD</subfield>
   <subfield code="q">KHD</subfield>
   <subfield code="t">prezenční</subfield>
   <subfield code="u">UEP01</subfield>
   <subfield code="w">20101201</subfield>
  </datafield>
  <datafield tag="996" ind1=" " ind2=" ">
   <subfield code="1">PKHD</subfield>
   <subfield code="3">B1613</subfield>
   <subfield code="4">N:G</subfield>
   <subfield code="5">3142901457</subfield>
   <subfield code="7">č. 64-73 + rejstřík (2-11/1932)</subfield>
   <subfield code="8">20101201</subfield>
   <subfield code="a">1932</subfield>
   <subfield code="b">1932</subfield>
   <subfield code="c">64-73</subfield>
   <subfield code="f">85</subfield>
   <subfield code="h">č. 64-73 + rejstřík (2-11/1932)</subfield>
   <subfield code="l">UEP01</subfield>
   <subfield code="m">ISSBD</subfield>
   <subfield code="q">KHD</subfield>
   <subfield code="t">prezenční</subfield>
   <subfield code="u">UEP01</subfield>
   <subfield code="w">20101201</subfield>
  </datafield>
  <datafield tag="996" ind1=" " ind2=" ">
   <subfield code="1">PKHD</subfield>
   <subfield code="3">B1613</subfield>
   <subfield code="4">N:G</subfield>
   <subfield code="5">3142901458</subfield>
   <subfield code="7">č. 75-85 (1-11/1933)</subfield>
   <subfield code="8">20101201</subfield>
   <subfield code="a">1933</subfield>
   <subfield code="b">1933</subfield>
   <subfield code="c">75-85</subfield>
   <subfield code="f">85</subfield>
   <subfield code="h">č. 75-85 (1-11/1933)</subfield>
   <subfield code="l">UEP01</subfield>
   <subfield code="m">ISSBD</subfield>
   <subfield code="q">KHD</subfield>
   <subfield code="t">prezenční</subfield>
   <subfield code="u">UEP01</subfield>
   <subfield code="w">20101201</subfield>
  </datafield>
  <datafield tag="996" ind1=" " ind2=" ">
   <subfield code="1">PKHD</subfield>
   <subfield code="3">B1613</subfield>
   <subfield code="4">N:G</subfield>
   <subfield code="5">3142901459</subfield>
   <subfield code="7">č. 88-95, 97 (2-9, 11/1934)</subfield>
   <subfield code="8">20101201</subfield>
   <subfield code="a">1934</subfield>
   <subfield code="b">1934</subfield>
   <subfield code="c">88-95, 97</subfield>
   <subfield code="f">85</subfield>
   <subfield code="h">č. 88-95, 97 (2-9, 11/1934)</subfield>
   <subfield code="l">UEP01</subfield>
   <subfield code="m">ISSBD</subfield>
   <subfield code="q">KHD</subfield>
   <subfield code="t">prezenční</subfield>
   <subfield code="u">UEP01</subfield>
   <subfield code="w">20101201</subfield>
  </datafield>
  <datafield tag="996" ind1=" " ind2=" ">
   <subfield code="1">PKHD</subfield>
   <subfield code="3">B1613</subfield>
   <subfield code="4">N:G</subfield>
   <subfield code="5">3142901460</subfield>
   <subfield code="7">č. 99 (1/1935)</subfield>
   <subfield code="8">20101202</subfield>
   <subfield code="a">1935</subfield>
   <subfield code="b">1935</subfield>
   <subfield code="c">99</subfield>
   <subfield code="f">85</subfield>
   <subfield code="h">č. 99 (1/1935)</subfield>
   <subfield code="l">UEP01</subfield>
   <subfield code="m">ISSBD</subfield>
   <subfield code="q">KHD</subfield>
   <subfield code="t">prezenční</subfield>
   <subfield code="u">UEP01</subfield>
   <subfield code="w">20101202</subfield>
  </datafield>
  <datafield tag="996" ind1=" " ind2=" ">
   <subfield code="1">PKHD</subfield>
   <subfield code="3">B1613</subfield>
   <subfield code="4">N:G</subfield>
   <subfield code="5">3142901461</subfield>
   <subfield code="7">č. 111-121 (1-11/1936)</subfield>
   <subfield code="8">20101206</subfield>
   <subfield code="a">1936</subfield>
   <subfield code="b">1936</subfield>
   <subfield code="c">111-121</subfield>
   <subfield code="f">85</subfield>
   <subfield code="h">č. 111-121 (1-11/1936)</subfield>
   <subfield code="l">UEP01</subfield>
   <subfield code="m">ISSBD</subfield>
   <subfield code="q">KHD</subfield>
   <subfield code="t">prezenční</subfield>
   <subfield code="u">UEP01</subfield>
   <subfield code="w">20110223</subfield>
  </datafield>
  <datafield tag="996" ind1=" " ind2=" ">
   <subfield code="1">PKHD</subfield>
   <subfield code="3">B1613</subfield>
   <subfield code="4">N:G</subfield>
   <subfield code="5">3142901462</subfield>
   <subfield code="7">č. 124-133 (2-11/1937)</subfield>
   <subfield code="8">20101206</subfield>
   <subfield code="a">1937</subfield>
   <subfield code="b">1937</subfield>
   <subfield code="c">124-133</subfield>
   <subfield code="f">85</subfield>
   <subfield code="h">č. 124-133 (2-11/1937)</subfield>
   <subfield code="l">UEP01</subfield>
   <subfield code="m">ISSBD</subfield>
   <subfield code="q">KHD</subfield>
   <subfield code="t">prezenční</subfield>
   <subfield code="u">UEP01</subfield>
   <subfield code="w">20110223</subfield>
  </datafield>
  <datafield tag="996" ind1=" " ind2=" ">
   <subfield code="1">PKHD</subfield>
   <subfield code="3">B1613</subfield>
   <subfield code="4">N:G</subfield>
   <subfield code="5">3142901463</subfield>
   <subfield code="7">č. 150-158 (4-12/1939)</subfield>
   <subfield code="8">20101207</subfield>
   <subfield code="a">1939</subfield>
   <subfield code="b">1939</subfield>
   <subfield code="c">150-158</subfield>
   <subfield code="f">85</subfield>
   <subfield code="h">č. 150-158 (4-12/1939)</subfield>
   <subfield code="l">UEP01</subfield>
   <subfield code="m">ISSBD</subfield>
   <subfield code="q">KHD</subfield>
   <subfield code="t">prezenční</subfield>
   <subfield code="u">UEP01</subfield>
   <subfield code="w">20110223</subfield>
  </datafield>
  <datafield tag="996" ind1=" " ind2=" ">
   <subfield code="1">PKHD</subfield>
   <subfield code="3">B1613</subfield>
   <subfield code="4">N:G</subfield>
   <subfield code="5">3142901464</subfield>
   <subfield code="7">č. 168-170 + rejstřík (10-12/1940)</subfield>
   <subfield code="8">20101207</subfield>
   <subfield code="a">1940</subfield>
   <subfield code="b">1940</subfield>
   <subfield code="c">168-170</subfield>
   <subfield code="f">85</subfield>
   <subfield code="h">č. 168-170 + rejstřík (10-12/1940)</subfield>
   <subfield code="l">UEP01</subfield>
   <subfield code="m">ISSBD</subfield>
   <subfield code="q">KHD</subfield>
   <subfield code="t">prezenční</subfield>
   <subfield code="u">UEP01</subfield>
   <subfield code="w">20110223</subfield>
  </datafield>
  <datafield tag="996" ind1=" " ind2=" ">
   <subfield code="1">PKHD</subfield>
   <subfield code="3">B1613</subfield>
   <subfield code="4">N:G</subfield>
   <subfield code="5">3142901465</subfield>
   <subfield code="7">č. 171-174, 177-182 + rejstřík (1-4, 7-12/1941)</subfield>
   <subfield code="8">20101208</subfield>
   <subfield code="a">1941</subfield>
   <subfield code="b">1941</subfield>
   <subfield code="c">171-177</subfield>
   <subfield code="f">85</subfield>
   <subfield code="h">č. 171-174, 177-182 + rejstřík (1-4, 7-12/1941)</subfield>
   <subfield code="l">UEP01</subfield>
   <subfield code="m">ISSBD</subfield>
   <subfield code="q">KHD</subfield>
   <subfield code="t">prezenční</subfield>
   <subfield code="u">UEP01</subfield>
   <subfield code="w">20110223</subfield>
  </datafield>
  <datafield tag="996" ind1=" " ind2=" ">
   <subfield code="1">PKHD</subfield>
   <subfield code="3">B1613</subfield>
   <subfield code="4">N:G</subfield>
   <subfield code="5">3142901466</subfield>
   <subfield code="7">č. 172-174, 181 (2-4, 11/1941)</subfield>
   <subfield code="8">20101208</subfield>
   <subfield code="a">1941</subfield>
   <subfield code="b">1941</subfield>
   <subfield code="c">172-174</subfield>
   <subfield code="f">85</subfield>
   <subfield code="h">č. 172-174, 181 (2-4, 11/1941)</subfield>
   <subfield code="l">UEP01</subfield>
   <subfield code="m">ISSBD</subfield>
   <subfield code="q">KHD</subfield>
   <subfield code="t">prezenční</subfield>
   <subfield code="u">UEP01</subfield>
   <subfield code="w">20110223</subfield>
  </datafield>
  <datafield tag="996" ind1=" " ind2=" ">
   <subfield code="1">PTOCN</subfield>
   <subfield code="3">B1613</subfield>
   <subfield code="4">N:G</subfield>
   <subfield code="5">3142904358</subfield>
   <subfield code="7">Č. 51-62 (1-12/1931)</subfield>
   <subfield code="8">20210903</subfield>
   <subfield code="a">1931</subfield>
   <subfield code="b">1931</subfield>
   <subfield code="c">51-62</subfield>
   <subfield code="f">95</subfield>
   <subfield code="h">Č. 51-62 (1-12/1931)</subfield>
   <subfield code="l">UEP01</subfield>
   <subfield code="m">ISSBD</subfield>
   <subfield code="q">Točná</subfield>
   <subfield code="t">prezenční - lze objednat</subfield>
   <subfield code="u">UEP01</subfield>
   <subfield code="w">20210903</subfield>
  </datafield>
 </record>
</collection>
